000 007430000a22001210004500
773 0 _tReforma Siglo 21
100 1 _aWisz, Gerry
245 1 0 _aReformadores poco probables : Girolamo Savonarola.
300 _aVol.10, no.2 (Oct., 2008), p.34-40
520 _aGirolamo nació en 1452, siendo el tercer hijo de Niccolo y Elena de Savonarola. Tenía dos hermanos mayores y tendría otros cuatro hermanos. Más tarde uno de sus hermanos llegó a ser soldado profesional, otro siguió a Girolamo a la orden Dominica como predicador, y un tercero, siguiendo a su abuelo Michele, llegó a ser médico. Los Savonarola y los Bonacolsi eran familias nobles, y en un periodo particular los Bonacolsi gobernaron Mantua.
650 1 4 _aREFORMA
942 _cANA
999 _c62976
_d62976